000
00339nam a2200145Ia 4500
005
20251222144834.0
008
251222s9999||||xx |||||||||||||| ||spa||
020
_a
9780062024022
082
_a
800/R85/T.I
100
_a
Roth, Veronica
245
0
_a
Roth, Veronica
250
_a
1ra.ed.
264
_b
Katherine Tegen Books
942
_c
LIB
999
_c
20956
_d
20956